| 000 | 02376cam a2200325 i 4500 | ||
|---|---|---|---|
| 001 | on1412153743 | ||
| 003 | EG-ScBUE | ||
| 005 | 20260405094730.0 | ||
| 008 | 230918s2024 enka f b 001 0 eng d | ||
| 020 | _a9781394200672 | ||
| 035 | _a(OCoLC)1412153743 | ||
| 040 |
_aDLC _beng _erda _cDLC _dOCLCL _dOCLCF _dYDX _dEG-ScBUE |
||
| 082 | 0 | 4 |
_a720.1 _222 _bPAL |
| 100 | 1 |
_aPallasmaa, Juhani, _eauthor. |
|
| 245 | 1 | 4 |
_aThe eyes of the skin : _barchitecture and the senses / _cJuhani Pallasmaa. |
| 250 | _aFourth edition. | ||
| 264 | 1 |
_aChichester, West Sussex ; _aHoboken, NJ : _bWiley, _c2024. |
|
| 300 |
_aviii, 104 pages : _billustrations ; _c22 cm |
||
| 336 |
_atext _btxt _2rdacontent |
||
| 337 |
_aunmediated _bn _2rdamedia |
||
| 338 |
_avolume _bnc _2rdacarrier |
||
| 500 | _aPrevious edition: 2012. | ||
| 504 | _aIncludes bibliographical references and index. | ||
| 520 |
_a"First published in 1996, The Eyes of the Skin is a classic of architectural theory. It asks the far-reaching question why, when there are five senses, is one single sense -- sight -- so predominant in architectural culture and design? With the ascendancy of the digital and the all-pervasive use of the image electronically, the subject is all the more pressing and topical since the first edition's publication. Juhani Pallasmaa argues that the suppression of the other four sensory realms has led to the overall impoverishment of our built environment, often diminishing the emphasis on the spatial experience of a building and architecture's ability to inspire, engage and be wholly life enhancing. For a student reading this text for the first time, The Eyes of the Skin is a revelation. It provides a fresh, compelling insight into architectural culture which continues to inspire more than a quarter-century after its initial publication. This fourth edition presents the author's latest views on the emphasis of place, unfocused perception, sensory issues, and existential experience. It also includes updates and clarifications throughout, to reinforce how our sense of self in the world remains our most important sense and has the greatest impact on today's architecture"-- _cProvided by publisher. |
||
| 650 | 7 |
_aArchitecture _xPhilosophy. _2BUEsh |
|
| 650 | 7 |
_aSenses and sensation in architecture. _2BUEsh |
|
| 653 |
_cApril2026 _bART |
||
| 655 | _vReading book | ||
| 942 |
_2ddc _cBB |
||
| 999 |
_c31152 _d31123 |
||